Statistics for Rhodesia Quiz

Click here to take the quiz!

General Stats

  • This quiz has been taken 384 times
  • The average score is 15 of 30

Answer Stats

QuestionAnswer% Correct
What empire did Rhodesia declare independence from?United Kingdom
94%
Who was the first Prime Minister of Rhodesia?Ian Smith
89%
What year was Rhodesia independent?1965
79%
What was the capital of Rhodesia?Salisbury
78%
Name one of the Portuguese colonies gave hidden aid to RhodesiaAngola / Mozambique
74%
"We'll keep them north of the _______, til that river's running dry"Zambezi
72%
Who was the leader of this group?Robert Mugabe
70%
What war did Rhodesia fight against these two rebel groups?Rhodesian Bush War
65%
Person for who Rhodesia is named after (first and last name)Cecil Rhodes
62%
What was the colony name for Rhodesia?Southern Rhodesia
62%
The Capital's name changed to this in 1982Harare
61%
Country Who Supplied Rhodesia With Belgian FN FALSSouth Africa
60%
What declaration made Rhodesia independent?Unilateral Declaration of Independence
58%
What month and day?November 11
55%
Name the more violent rebel group that fought for majority ruleZANU
55%
Name one country besides South Africa or Portugal that violated UN sanctions on RhodesiaUSA / Israel / Iran / Malawi
54%
Unrecognized state that succeeded Rhodesia for six months in 1979Zimbabwe Rhodesia
48%
Name the slightly more peaceful rebel group that fought for majority ruleZAPU
47%
Famous dog from RhodesiaRhodesian Ridgeback
46%
Famous tourist spot on the Northern Border with ZambiaVictoria Falls
46%
National AnthemRise, O Voices of Rhodesia
39%
Who was the Prime Minister of Portugal that supported this aid?Antonio Salazar
34%
Most famous scout unitSelous Scouts
32%
Who sang the above song?Clem Tholet
27%
What is Smith's book named?The Great Betrayal / Bitter Harvest
26%
And who founded this group?Joshua Nkomo
23%
What agreement ended the war in 1979?Lancaster House Agreement
23%
Name of the Rhodesian police forceBritish South Africa Police
19%
Prime Minister of the above stateAbel Muzorewa
17%
What animal is on the coat of arms?Kudu
13%

Score Distribution

Percentile by Number Answered

Percent of People with Each Score

Your Score History

You have not taken this quiz